|
|
|
|
| LEADER |
00899nam a2200289 4500 |
| 001 |
DLU160177176 |
| 005 |
##20161017 |
| 040 |
# |
# |
|a DLU
|b vie
|
| 041 |
# |
# |
|a vie
|
| 044 |
# |
# |
|a vn
|
| 100 |
# |
# |
|a Lâm Quang Hùng.
|
| 245 |
# |
# |
|a Bước đầu tìm hiểu tục ngữ, ca dao của người Sán Dìu liên quan sản xuất và đời sống /
|c Lâm Quang Hùng.
|
| 653 |
# |
# |
|a Ca dao
|
| 653 |
# |
# |
|a Dân tộc Sán Dìu
|
| 653 |
# |
# |
|a Tục ngữ
|
| 773 |
# |
# |
|t Tạp chí Văn hóa các dân tộc
|g Số4(136), 2005, tr. 3
|
| 773 |
# |
# |
|t Tạp chí Văn hóa các dân tộc
|g Số6(138), 2005, tr.
|
| 920 |
# |
# |
|a Phòng Tạp chí -- Trung tâm Thông tin - Thư viện Trường Đại học Đà Lạt
|
| 994 |
# |
# |
|a DLU
|
| 900 |
# |
# |
|a True
|
| 911 |
# |
# |
|a Nguyễn Thị Mai Anh
|
| 925 |
# |
# |
|a G
|
| 926 |
# |
# |
|a A
|
| 927 |
# |
# |
|a BB
|
| 980 |
# |
# |
|a Thư viện Trường Đại học Đà Lạt
|